Eastern Utah Libraries Catalog: Duchesne, Heber, Roosevelt, & Vernal

Code over country : (Record no. 375029)

MARC details
000 -LEADER
fixed length control field 03440cam a22004338i 4500
001 - CONTROL NUMBER
control field 22131416
005 - DATE AND TIME OF LATEST TRANSACTION
control field 20220629135921.0
008 - FIXED-LENGTH DATA ELEMENTS--GENERAL INFORMATION
fixed length control field 210713s2022 nyu b 001 0 eng
010 ## - LIBRARY OF CONGRESS CONTROL NUMBER
LC control number 2021034459
020 ## - INTERNATIONAL STANDARD BOOK NUMBER
International Standard Book Number 9781568589053
Qualifying information (hardcover)
020 ## - INTERNATIONAL STANDARD BOOK NUMBER
Cancelled/invalid ISBN 9781568589046
Qualifying information (ebook)
040 ## - CATALOGING SOURCE
Original cataloging agency DLC
Language of cataloging eng
Description conventions rda
Transcribing agency DLC
042 ## - AUTHENTICATION CODE
Authentication code pcc
050 00 - LIBRARY OF CONGRESS CALL NUMBER
Classification number VG87
Item number .C645 2022
082 00 - DEWEY DECIMAL CLASSIFICATION NUMBER
Classification number 359.9/840973
Edition number 23
092 ## - LOCALLY ASSIGNED DEWEY CALL NUMBER (OCLC)
Classification number nonfiction
Item number 359.9 Cole
100 1# - MAIN ENTRY--PERSONAL NAME
Personal name Cole, Matthew A.,
Relator term author.
9 (RLIN) 6450928
245 10 - TITLE STATEMENT
Title Code over country :
Remainder of title the tragedy and corruption of Seal Team Six /
Statement of responsibility, etc Matthew A. Cole.
246 30 - VARYING FORM OF TITLE
Title proper/short title Tragedy and corruption of Seal Team Six
250 ## - EDITION STATEMENT
Edition statement First edition.
263 ## - PROJECTED PUBLICATION DATE
Projected publication date 2202
264 #1 - Production, Publication, Distribution, Manufacture, and Copyright Notice.
Place of production, publication, distribution, manufacture New York :
Name of producer, publisher, distributor, manufacturer Bold Type Books,
Date of production, publication, distribution, manufacture, or copyr [2022]
300 ## - PHYSICAL DESCRIPTION
Extent pages cm
336 ## - Content Type
Content type term text
337 ## - Media type
Media type term unmediated
338 ## - Carrier type
Carrier type term volume
504 ## - BIBLIOGRAPHY, ETC. NOTE
Bibliography, etc Includes bibliographical references and index.
505 0# - FORMATTED CONTENTS NOTE
Formatted contents note Naval special warfare (1945-2001) -- Frogmen -- Ensign Penney -- The birth of SEAL Team 6 -- Rogue warrior -- The ethical warrior -- The wars (2001-2011) -- Roberts Ridge -- The wedding party -- SEAL Team 6, 2.0 -- Bloody the hatchet -- Head on a platter -- Hostages-- back to basics -- The brand (2011-2016) -- The big Mish -- "You can't eat honor" -- The politics of bravery -- Reckoning (2017-2021) -- Medals of Honor -- Out of control -- Prosecution -- "You would love them" -- Epilogue.
520 ## - SUMMARY, ETC.
Summary, etc "The Navy SEALs are, for most Americans, the ultimate heroes. Their 2011 killing of Osama Bin Laden was celebrated as a victory in the War on Terror. Former SEALs rake in thousands of dollars as leadership consultants for American corporations. And young men who want to join the military dream of serving in their elite ranks. But as recent revelations, like the uproar around former SEAL Eddie Gallagher, have shown, the SEALs have lost their bearings. Gallagher was only the tip of the iceberg. In Code Over Country, investigative journalist Matthew A. Cole tells the story of the most celebrated SEAL unit, SEAL Team 6, revealing the dark, troubling pattern of war crimes and deep moral rot hidden behind the heroic narratives. From their origins during the World War II and their first test during the Vietnam War, the SEALs were trained to be specialized killers with short missions. But as the wars in Iraq and Afghanistan turned into the endless War on Terror, their carefully-managed violence spiraled out of control. Drawing on years of reporting, Cole follows SEAL Team 6's history, the high-level decisions that unleashed their violence, and the coverups that prevented their crimes from coming to light. Code Over Country is a much-needed reckoning with the unchecked power of the military -- and the harms enacted by and upon soldiers in our name"--
610 10 - SUBJECT ADDED ENTRY--CORPORATE NAME
Corporate name or jurisdiction name as entry element United States.
Subordinate unit Naval Special Warfare Development Group
General subdivision History.
9 (RLIN) 6450929
610 10 - SUBJECT ADDED ENTRY--CORPORATE NAME
Corporate name or jurisdiction name as entry element United States.
Subordinate unit Navy.
-- SEALs
General subdivision History
Chronological subdivision 21st century.
9 (RLIN) 6450930
610 10 - SUBJECT ADDED ENTRY--CORPORATE NAME
Corporate name or jurisdiction name as entry element United States.
Subordinate unit Navy.
-- SEALs
Form subdivision Biography.
9 (RLIN) 5676306
650 #0 - SUBJECT ADDED ENTRY--TOPICAL TERM
Topical term or geographic name as entry element Military discipline
Geographic subdivision United States
General subdivision History
Chronological subdivision 21st century.
9 (RLIN) 6450931
650 #0 - SUBJECT ADDED ENTRY--TOPICAL TERM
Topical term or geographic name as entry element Special operations (Military science)
General subdivision Moral and ethical aspects.
9 (RLIN) 6450932
650 #0 - SUBJECT ADDED ENTRY--TOPICAL TERM
Topical term or geographic name as entry element Iraq War, 2003-2011
General subdivision Atrocities.
9 (RLIN) 6450933
650 #0 - SUBJECT ADDED ENTRY--TOPICAL TERM
Topical term or geographic name as entry element Afghan War, 2001-
General subdivision Atrocities.
9 (RLIN) 6450934
650 #0 - SUBJECT ADDED ENTRY--TOPICAL TERM
Topical term or geographic name as entry element War crimes
Geographic subdivision United States.
9 (RLIN) 6450935
942 ## - ADDED ENTRY ELEMENTS (KOHA)
Source of classification or shelving scheme Dewey Decimal Classification
Koha item type BOOK
Holdings
Withdrawn status Lost status Source of classification or shelving scheme Damaged status Not for loan Collection code Home library Current library Shelving location Date acquired Source of acquisition Total Checkouts Total Renewals Full call number Barcode Date last seen Date checked out Cost, replacement price Price effective from Koha item type
    Dewey Decimal Classification     General NonFiction Wasatch County Library Wasatch County Library Second Floor 06/29/2022 Amazon 4 1 359.9 Cole 34301001846544 03/03/2026 09/01/2022 30.00 06/29/2022 BOOK
This project was made possible through a grant from the Institute of Museum and Library Service administered by the Utah State Library Division.

Wasatch County Library

  • 465 East 1200 South, Heber City, Utah 84032
  • Phone 435-654-1511 | Fax 435-654-6456

Hours

  • Monday - Friday 9:30 AM - 8:00 PM
  • Saturday 9:30 AM - 1:30 PM
  • Closed Sundays and Holidays